000 00416nam a2200121Ia 4500
008 220620s9999||||xx |||||||||||||| ||und||
100 _aCremin, Ciara
245 0 _aCapitalism's New Clothes
_bEnterprise, Ethics and Enjoyment in Times of Crisis
546 _aEnglish[eng]
650 _aSocial Science||Sociology
856 _uhttps://library.oapen.org/bitstream/20.500.12657/54130/1/external_content.pdf
942 _cEB
999 _c26988
_d26988